000 00922cam a2200253 i 4500
999 _c58352
_d58352
001 17389146
005 20221114113805.0
008 120717s2013 caua b 001 0 eng
020 _a9781446249178x
041 _aeng
080 _a31:004.9 F-50
100 1 _aField, Andy P.
_912961
245 1 0 _aDiscovering statistics using IBM SPSS statistics :
_band sex and drugs and rock 'n' roll /
_cAndy Field.
250 _a4th edition.
264 1 _aLos Angeles :
_bSage,
_c[2013].
300 _axxxvi, 915 pages :
_billustrations ;
_c28 cm
504 _aIncludes bibliographical references and index.
653 _aDiscovering Statistics using IBM SPSS Statistics
653 _aსტატისტიკა
653 _aსაინფორმაციო ტექნოლოგიები
653 _aСтатистика
653 _aИнформационные технологии
942 _2udc
_cBK